| 000 | 00519nam a22001577a 4500 | ||
|---|---|---|---|
| 003 | macl | ||
| 005 | 20190825132122.0 | ||
| 008 | 190825b xxu||||| |||| 00| 0 eng d | ||
| 040 | _cmacl | ||
| 082 | _a800/MIS | ||
| 100 |
_aमिश्र, प्रभात कुमार _976379 |
||
| 245 | _aहिल्दी में कालिदास | ||
| 260 |
_aदिल्ली _bयश पब्लिकेशंस _c2016 |
||
| 650 |
_aकाव्यालाेचना _966811 |
||
| 942 |
_2ddc _cHIN |
||
| 999 |
_c60830 _d60830 |
||